000 01599nam a2200241Ia 4500
999 _c52709
_d52709
001 19734
003 GE_BSU
005 20200415225345.0
008 181216s2012||||ge |||||||||||||| ||geo||
020 _a9789941041648
040 _cGE_BSU
041 _ageo
080 _a821.353.1-83 ო-57
245 _a2 კითხვა 172 ლიტერატურისმოყვარულს : რას ეკითხებით ყველაზე ხშირად საკუთარ თავს, მაგრამ ჯერჯერობით ვერ პასუხობთ... კითხვა, რომლის პასუხი ზუსტად იცით.. :
_bკრებული /
_cსაქ. პარლამენტის ეროვნ. ბიბლიოთეკა ; წინათქმა გვანცა ჯობავა ; ბოლოთქმა იკა ქადაგიძე.
264 _aთბილისი :
_bსაქართველოს პარლამენტის ბიბლიოთეკა,
_c2012.
300 _a91 გვ. ;
_c20 სმ.
653 _aლიტერატურა
653 _aლიტერატურული ინტერვიუები
700 _a ჯობავა, გვანცა
_eწინათქმა
_97909
700 _a ქადაგიძე, იკა
_eბოლოთქმა
_97910
710 _aსაქართველოს პარლამენტის ეროვნული ბიბლიოთეკა
_97897
942 _cBK
_2udc